000 00706nam a2200241Ia 4500
003 OSt
005 20220927104600.0
006 a|||||r|||| 00| 0
007 ta
008 220926b |||||||| |||| 00| 0 eng d
024 _a147778
037 _cReference Collections
040 _aRTL
_cRTL
_beng
041 _2eng
_aeng
082 _a"X9(J).5r, L8.1/UN"
110 _a"UNITED NATIONS, ECONOMIC COMMISSION FOR EUROPE"
245 0 _aReview of the agricultural situation in Europe
260 _c1978
490 _vV1
700 _a"UNITED NATIONS, ECONOMIC COMMISSION FOR EUROPE"
942 _h"X9(J).5r, L8.1/UN"
_cCC
999 _c688107
_d688107